Online katalóg knižníc regiónu Turca

Buffalo Bill a prekliata karavána (Record no. 22612)

MARC details
000 -LEADER
fixed length control field 01951cam a2200493 a 4500
001 - CONTROL NUMBER
control field 22612
003 - CONTROL NUMBER IDENTIFIER
control field VRT
005 - DATE AND TIME OF LATEST TRANSACTION
control field 20260402101413.0
008 - FIXED-LENGTH DATA ELEMENTS--GENERAL INFORMATION
fixed length control field 251104s1972 xo a j 000 f slo
015 ## - NATIONAL BIBLIOGRAPHY NUMBER
National bibliography number SNBA1972/09-02437
020 ## - INTERNATIONAL STANDARD BOOK NUMBER
Qualifying information (viaz.)
035 ## - SYSTEM CONTROL NUMBER
System control number SK01SNK19720041153
035 ## - SYSTEM CONTROL NUMBER
System control number 703B4ABE-5E02-4EB5-AFD7-E642E9EADFA2
035 ## - SYSTEM CONTROL NUMBER
System control number urn:nbn:sk:snk-am00igsf
035 ## - SYSTEM CONTROL NUMBER
System control number SKM000043616
039 #9 - LEVEL OF BIBLIOGRAPHIC CONTROL AND CODING DETAIL [OBSOLETE]
Level of rules in bibliographic description 202511041007
Level of effort used to assign nonsubject heading access points VLOAD
Level of effort used to assign subject headings 202305011849
Level of effort used to assign classification VLOAD
Level of effort used to assign subject headings 202304281450
Level of effort used to assign classification VLOAD
Level of effort used to assign subject headings 202304281113
Level of effort used to assign classification VLOAD
040 ## - CATALOGING SOURCE
Original cataloging agency SNK
Language of cataloging slo
Transcribing agency SNK
Description conventions AACR2
041 1# - LANGUAGE CODE
Language code of text/sound track or separate title slo
Language code of original ita
044 ## - COUNTRY OF PUBLISHING/PRODUCING ENTITY CODE
MARC country code xo
ISO country code SK
072 #7 - SUBJECT CATEGORY CODE
Subject category code 821.131.1-3
Subject category code subdivision Talianska próza
Source konspekt
080 ## - UNIVERSAL DECIMAL CLASSIFICATION NUMBER
Universal Decimal Classification number 821.131.1-31
Edition identifier 2001
080 ## - UNIVERSAL DECIMAL CLASSIFICATION NUMBER
Universal Decimal Classification number (0:82-311.3)
Edition identifier 2001
080 ## - UNIVERSAL DECIMAL CLASSIFICATION NUMBER
Universal Decimal Classification number 82-93-053.4/.5
Edition identifier 2001
100 1# - MAIN ENTRY--PERSONAL NAME
Personal name Hamilton, David
Relationship aut
240 10 - UNIFORM TITLE
Uniform title Buffalo Bill e la carovana maledetta
Language of a work Slovensky
245 10 - TITLE STATEMENT
Title Buffalo Bill a prekliata karavána
Statement of responsibility, etc. David Hamilton ; z talianskeho originálu Buffalo Bill e la carovana maledetta ... preložil Blahoslav Hečko ; ilustroval Radomír Kolář
250 ## - EDITION STATEMENT
Edition statement 1. vyd.
260 ## - PUBLICATION, DISTRIBUTION, ETC.
Place of publication, distribution, etc. Bratislava
Name of publisher, distributor, etc. Mladé letá
Date of publication, distribution, etc. 1972
Place of manufacture Košice
Manufacturer Východoslovenské tlačiarne
300 ## - PHYSICAL DESCRIPTION
Extent 244, [2] s.
Dimensions
366 ## - TRADE AVAILABILITY INFORMATION
Note 40000 výtl.
500 ## - GENERAL NOTE
General note Poznámky a vysvetlivky Frontispice. Výslovnosť cudzích mien a názvov
521 8# - TARGET AUDIENCE NOTE
Target audience note Pre čitateľov od 11 rokov
655 #7 - INDEX TERM--GENRE/FORM
Genre/form data or focus term talianske romány
Source of term SNKPH
655 #7 - INDEX TERM--GENRE/FORM
Genre/form data or focus term dobrodružné romány
Source of term SNKPH
655 #7 - INDEX TERM--GENRE/FORM
Genre/form data or focus term literatúra pre deti a mládež
Source of term SNKPH
700 1# - ADDED ENTRY--PERSONAL NAME
Personal name Hečko, Blahoslav,
Dates associated with a name 1915-2002
Relationship trl
700 1# - ADDED ENTRY--PERSONAL NAME
Personal name Kolář, Radomír,
Dates associated with a name 1924-1993
Relationship ill
942 ## - ADDED ENTRY ELEMENTS (KOHA)
Source of classification or shelving scheme Dewey Decimal Classification
Koha item type Krásna literatúra pre dospelých
Suppress in OPAC No
949 ## - LOCAL PROCESSING INFORMATION (OCLC)
6 17A0490055
a snkSC 29952 D1
b snkKSP 6890/72
q Rekatalogizácia
949 ## - LOCAL PROCESSING INFORMATION (OCLC)
6 3869A09386
a bpksh820(73)-31
b bpksh36349
949 ## - LOCAL PROCESSING INFORMATION (OCLC)
6 270001000528086
a svkbbS 14730
b svkbbm 257608
949 ## - LOCAL PROCESSING INFORMATION (OCLC)
6 17A1345029
a snkSC 29952
b snkKSP 6889/72
o 241/20 - emDARnáhrada-originál
s 6100:20220404
Holdings
Stav vyradenia Strata Poškodenie Spôsob nadobudnutia Domovská knižnica Aktuálna knižnica Dátum nadobudnutia Total checkouts Čiarový kód exemplára Date last seen Typ exemplára
      Dar Obecná knižnica Horná Štubňa Obecná knižnica Horná Štubňa 02.04.2026   4736202171 02.04.2026 Krásna literatúra pre dospelých
Projekt je podporený Slovenskou asociáciou knižníc
Prevádzkuje Turčianska knižnica Martin 2026